| 000 | 00590nam a2200181Ia 4500 | ||
|---|---|---|---|
| 008 | 151018s9999 xx 000 0 und d | ||
| 082 |
_bRBASDV8954 _a630 |
||
| 100 | _aदेशपांडे खं | ||
| 245 | _aदारी गुलाब फुलवा | ||
| 250 | _b2 | ||
| 260 |
_bकेशरी प्रकाशन _c1974 |
||
| 300 | _a152 | ||
| 600 | _aदेशपांडे खं | ||
| 630 | _aदारी गुलाब फुलवा | ||
| 700 | _aदेशपांडे खं | ||
| 730 | _aदारी गुलाब फुलवा | ||
| 942 | _cBOOK | ||
| 999 |
_c1011318 _d1011315 |
||